[Event "Hannover-ch U14"]
[Site "Lehrte"]
[Date "2006.10.15"]
[Round "4"]
[White "Fedderke, Christoph"]
[Black "Busse, Dominik"]
[Result "1-0"]
[WhiteElo "1093"]
[BlackElo "949"]
[PlyCount "69"]
[EventDate "2006.10.14"]
[EventType "swiss"]
[EventRounds "7"]
[EventCountry "GER"]
[SourceTitle "EXT 2021"]
[Source "ChessBase"]
[SourceDate "2020.10.23"]
[SourceVersion "1"]
[SourceVersionDate "2020.10.23"]
[SourceQuality "1"]

1. d4 d5 2. c4 Nf6 3. Nc3 Nc6 4. Nf3 Bg4 5. Bg5 e6 6. e3 Bb4 7. a3 Bxc3+ 8. bxc3 0-0 9. g3 h6 10. Bxf6 Qxf6 11. Bg2 e5 12. cxd5 e4 13. dxc6 bxc6 14. Rb1 exf3 15. Bf1 c5 16. Bc4 Qd6 17. 0-0 cxd4 18. cxd4 Qxa3 19. Qd3 Qxd3 20. Bxd3 Bh3 21. Rfc1 Rfc8 22. Ba6 Rcb8 23. Bb7 Bf5 24. Rb2 Be4 25. Bxa8 Rxb2 26. Bxe4 g6 27. Bxf3 f5 28. Rxc7 h5 29. Rxa7 g5 30. Bxh5 Rb1+ 31. Kg2 Rb6 32. Ra5 Rh6 33. Be2 g4 34. Rxf5 Rg6 35. Rf4 1-0